Irish Eurovision Acts by Picture - Statistics

General Stats
  • This quiz has been taken 6 times
  • The average score is 35 of 59
Answer Stats
Picture Hint Answer % Correct
Eurovision Song Contest 2006 – “Every Song Is a Cry for Love” Brian Kennedy
100%
Eurovision Song Contest 1970 – “All Kinds of Everything” Dana
100%
Eurovision Song Contest 2008 – “Irelande Douze Pointe” Dustin the Turkey
100%
Eurovision Song Contest 1996 – “The Voice” Eimear Quinn
100%
Eurovision Song Contest 2011 – “Lipstick” Jedward
100%
Eurovision Song Contest 2012 – “Waterline” Jedward
100%
Eurovision Song Contest 1984 – “Terminal 3” Linda Martin
100%
Eurovision Song Contest 1992 – “Why Me?” Linda Martin
100%
Eurovision Song Contest 1993 – “In Your Eyes” Niamh Kavanagh
100%
Eurovision Song Contest 2010 – “It's for You” Niamh Kavanagh
100%
Eurovision Song Contest 2016 – “Sunlight” Nicky Byrne
100%
Eurovision Song Contest 1994 – “Rock 'n' Roll Kids” Paul Harrington & Charlie McGettigan
100%
Eurovision Song Contest 2024 – “Doomsday Blue” Bambie Thug
80%
Eurovision Song Contest 2022 – “That's Rich” Brooke
80%
Eurovision Song Contest 2025 – “Laika Party” Emmy
80%
Eurovision Song Contest 1980 – “What's Another Year?” Johnny Logan
80%
Eurovision Song Contest 1987 – “Hold Me Now” Johnny Logan
80%
Eurovision Song Contest 1997 – “Mysterious Woman” Marc Roberts
80%
Eurovision Song Contest 2013 – “Only Love Survives” Ryan Dolan
80%
Eurovision Song Contest 1975 – “That's What Friends Are For” The Swarbriggs
80%
Eurovision Song Contest 1965 – “I'm Walking the Streets in the Rain” Butch Moore
60%
Eurovision Song Contest 2007 – “They Can't Stop the Spring” Dervish
60%
Eurovision Song Contest 1995 – “Dreamin'” Eddie Friel
60%
Eurovision Song Contest 2001 – “Without Your Love” Gary O'Shaughnessy
60%
Eurovision Song Contest 2020 – “Story of My Life” Lesley Roy
60%
Eurovision Song Contest 2021 – “Maps” Lesley Roy
60%
Eurovision Song Contest 2003 – “We've Got the World” Mickey Harte
60%
Eurovision Song Contest 1976 – “When?” Red Hurley
60%
Eurovision Song Contest 2018 – “Together” Ryan O'Shaughnessy
60%
Eurovision Song Contest 1967 – “If I Could Choose” Sean Dunphy
60%
Eurovision Song Contest 1981 – “Horoscopes” Sheeba
60%
Eurovision Song Contest 2009 – “Et Cetera” Sinéad Mulvey & Black Daisy
60%
Eurovision Song Contest 1999 – “When You Need Me” The Mullans
60%
Eurovision Song Contest 1977 – “It's Nice to Be in Love Again” The Swarbriggs Plus Two
60%
Eurovision Song Contest 2023 – “We Are One” Wild Youth
60%
Eurovision Song Contest 2004 – “If My World Stopped Turning” Chris Doran
40%
Eurovision Song Contest 1978 – “Born to Sing” Colm C. T. Wilkinson
40%
Eurovision Song Contest 1998 – “Is Always Over Now?” Dawn Martin
40%
Eurovision Song Contest 1966 – “Come Back to Stay” Dickie Rock
40%
Eurovision Song Contest 2005 – “Love?” Donna & Joe
40%
Eurovision Song Contest 2000 – “Millennium of Love” Eamonn Toal
40%
Eurovision Song Contest 1989 – “The Real Me” Kiev Connolly & the Missing Passengers
40%
Eurovision Song Contest 1991 – “Could It Be That I'm in Love?” Kim Jackson
40%
Eurovision Song Contest 1990 – “Somewhere in Europe” Liam Reilly
40%
Eurovision Song Contest 1986 – “You Can Count On Me” Luv Bug
40%
Eurovision Song Contest 1985 – “Wait Until the Weekend Comes” Maria Christian
40%
Eurovision Song Contest 1973 – “Do I Dream?” Maxi
40%
Eurovision Song Contest 2015 – “Playing with Numbers” Molly Sterling
40%
Eurovision Song Contest 1968 – “Chance of a Lifetime” Pat McGeegan
40%
Eurovision Song Contest 1972 – “Ceol an Ghrá” Sandie Jones
40%
Eurovision Song Contest 1974 – “Cross Your Heart” Tina Reynolds
40%
Eurovision Song Contest 1971 – “One Day Love” Angela Farrell
20%
Eurovision Song Contest 2017 – “Dying to Try” Brendan Murray
20%
Eurovision Song Contest 2014 – “Heartbeat” Can-linn feat. Kasey Smith
20%
Eurovision Song Contest 1979 – “Happy Man” Cathal Dunne
20%
Eurovision Song Contest 1988 – “Take Him Home” Jump the Gun
20%
Eurovision Song Contest 1969 – “The Wages of Love” Muriel Day
20%
Eurovision Song Contest 2019 – “22” Sarah McTernan
20%
Eurovision Song Contest 1982 – “Here Today, Gone Tomorrow” The Duskeys
20%
No matching quizzes found
Score Distribution
Percent of People with Each Score
Percentile by Number Answered
Your Score History
You have not taken this quiz